Statistiques concernant Joueurs champion de France depuis 2010

Cliquez ici pour prendre le quiz!

Statistiques générales

  • Ce quiz a été pris 147 fois
    (66 depuis la dernière actualisation)
  • Le résultat moyen est 70 sur 235

Statistiques - réponses

Club(s)Année(s) de titrePosteNationalitéRéponse% Correct
Marseille2010GardienFranceSteve Mandanda
87%
Monaco et Paris2017, 2018, 2019, 2020, 2022 et 2023AttaquantFranceKylian Mbappé
82%
Paris2018, 2019, 2020, 2022 et 2023AttaquantBrésilNeymar
75%
Paris2015, 2016, 2018, 2019, 2020, 2022 et 2023DéfenseurFrancePresnel Kimpembe
75%
Paris2014, 2015, 2016, 2018, 2019 et 2020AttaquantUruguayEdinson Cavani
72%
Paris2013, 2014, 2015, 2016, 2018, 2019, 2020, 2022 et 2023MilieuItalieMarco Verratti
72%
Monaco2017MilieuPortugalBernardo Silva
70%
Paris2022 et 2023AttaquantArgentineLionel Messi
70%
Paris2022 et 2023GardienItalieGianluigi Donnarumma
69%
Paris2013, 2014, 2015, 2016, 2018, 2019 et 2020DéfenseurBrésilThiago Silva
69%
Paris2013, 2014, 2015 et 2016AttaquantSuèdeZlatan Ibrahimovic
69%
Paris2022 et 2023DéfenseurMarocAchraf Hakimi
66%
Montpellier2012AttaquantFranceOlivier Giroud
66%
Paris2013, 2018, 2019 et 2020GardienFranceAlphonse Areola
64%
Paris2014, 2015, 2016, 2018, 2019, 2020, 2022 et 2023DéfenseurBrésilMarquinhos
64%
Paris2016 et 2018GardienAllemagneKevin Trapp
62%
Paris2013, 2014 , 2015, 2016 et 2018MilieuFranceBlaise Matuidi
61%
Paris2020 et 2022GardienCosta RicaKeylor Navas
61%
Monaco2017AttaquantColombieRadamel Falcao
61%
Lille et Paris2011, 2020 et 2022MilieuSénégalIdrissa Gueye
59%
Paris2018, 2019, 2020 et 2022MilieuAllemagneJulian Draxler
59%
Paris2022 et 2023DéfenseurPortugalNuno Mendes
59%
Paris2013, 2014, 2015 et 2016GardienItalieSalvatore Sirigu
59%
Paris2013, 2014, 2015, 2016 et 2018MilieuItalieThiago Motta
59%
Paris2023MilieuFranceWarren Zaïre-Emery
59%
Monaco2017DéfenseurFranceBenjamin Mendy
57%
Paris2023MilieuEspagneCarlos Soler
57%
Lille2011AttaquantBelgiqueEden Hazard
57%
Lille2021AttaquantCanadaJonathan David
57%
Paris2016, 2018, 2019, 2020 et 2022AttaquantArgentineAngel Di Maria
56%
Paris2022 et 2023MilieuPortugalDanilo Pereira
56%
Paris2019, 2020, 2022 et 2023DéfenseurEspagneJuan Bernat
56%
Monaco2017GardienCroatieDanijel Subasic
54%
Paris2013, 2014, 2015 et 2015AttaquantArgentineEzequiel Lavezzi
54%
Paris2019, 2020, 2022 et 2023MilieuArgentineLeandro Paredes
54%
Paris2020 et 2022AttaquantArgentineMauro Icardi
54%
Paris2023MilieuPortugalVitinha
54%
Paris2013, 2014, 2015, 2016, 2018 et 2019MilieuFranceAdrien Rabiot
52%
Paris2023MilieuEspagneFabian Ruiz
52%
Paris2019GardienItalieGianluigi Buffon
52%
Paris2013, 2014, 2015, 2016 et 2018MilieuArgentineJavier Pastore
52%
Monaco2017DéfenseurPologneKamil Glik
52%
Paris2015 et 2016DéfenseurCôte d'IvoireSerge Aurier
52%
Monaco2017MilieuFranceThomas Lemar
52%
Paris2022MilieuPays-BasXavi Simons
52%
Paris2015 et 2016DéfenseurBrésilDavid Luiz
51%
Paris2013, 2014, 2015 et 2016DéfenseurPays-BasGregory Van der Wiel
51%
Paris2016, 2018, 2019 et 2020DéfenseurFranceLayvin Kurzawa
51%
Paris2013, 2014, 2015, 2016 et 2018AttaquantBrésilLucas Moura
51%
Paris2013, 2014, 2015 et 2016DéfenseurBrésilMaxwell
51%
Paris2022 et 2023DéfenseurEspagneSergio Ramos
51%
Paris2016, 2018 et 2019MilieuFranceChristopher Nkunku
49%
Monaco2017MilieuBrésilFabinho
49%
Paris2023AttaquantFranceHugo Ekitike
49%
Montpellier2012MilieuMarocYounès Belhanda
49%
Paris2013, et 2014DéfenseurBrésilAlex
48%
Paris2013MilieuAngleterreDavid Beckham
48%
Monaco2017DéfenseurFranceDjibril Sidibé
48%
Lille et Paris2021 et 2023MilieuPortugalRenato Sanches
48%
Paris2020, 2022 et 2023GardienEspagneSergio Rico
48%
Paris2018, 2019 et 2020DéfenseurBelgiqueThomas Meunier
48%
Paris et Lille2018, 2019 et 2021AttaquantEtats-UnisTimothy Weah
48%
Marseille et Montpellier2010 et 2012DéfenseurBrésilVitorino Hilton
48%
Lille2021AttaquantTurquieBurak Yilmaz
46%
Marseille2010AttaquantSénégalMamadou Niang
46%
Marseille2010MilieuFranceMathieu Valbuena
46%
Lille2021GardienFranceMike Maignan
46%
Lille et Paris2011, 2014 et 2015MilieuFranceYohan Cabaye
46%
Monaco et Paris2017, 2020 et 2022DéfenseurSénégalAbdou Diallo
43%
Monaco2017DéfenseurItalieAndrea Raggi
43%
Paris2013 et 2014DéfenseurFranceMamadou Sakho
43%
Paris2020, 2022 et 2023AttaquantEspagnePablo Sarabia
43%
Paris2019, 2020 et 2022DéfenseurAllemagneThilo Kehrer
43%
Paris2020 et 2022MilieuEspagneAnder Herrera
41%
Paris2018 et 2019DéfenseurBrésilDaniel Alves
41%
Montpellier2012GardienFranceGeoffrey Jourdren
41%
Paris2022MilieuPays-BasGeorginio Wijnaldum
41%
Marseille2010AttaquantGhanaJordan Ayew
41%
Paris2013, et 2014AttaquantFranceKingsley Coman
41%
Montpellier2012MilieuFranceRémy Cabella
41%
Paris2022 et 2023GardienFranceAlexandre Letellier
39%
Lille2021DéfenseurPortugalJosé Fonte
39%
Paris2013MilieuBrésilNenê
39%
Lille2021MilieuFranceBenjamin André
38%
Paris2019 et 2020AttaquantCamerounEric Choupo-Moting
38%
Marseille2010DéfenseurArgentineGabriel Heinze
38%
Paris2013, 2014 et 2015AttaquantFranceJérémy Menez
38%
Lille2021MilieuFranceJonathan Bamba
38%
Paris2013AttaquantFranceKevin Gameiro
38%
Lille2011GardienFranceMickaël Landreau
38%
Paris2019AttaquantFranceMoussa Diaby
38%
Lille2011AttaquantSénégalMoussa Sow
38%
Monaco2017AttaquantFranceValère Germain
38%
Paris2013, 2014 et 2015DéfenseurFranceChristophe Jallet
36%
Marseille2010MilieuFranceHatem Ben Arfa
36%
Paris2020AttaquantEspagneJesé
36%
Lille2021AttaquantFranceJonathan Ikoné
36%
Paris2018 et 2019MilieuFranceLassana Diarra
36%
Montpellier2012AttaquantSénégalSouleymane Camara
36%
Marseille2010DéfenseurNigériaTaye Taïwo
36%
Paris2013, et 2014DéfenseurFranceZoumana Camara
36%
Lille2011DéfenseurFranceAdil Rami
34%
Paris2013AttaquantFranceGuillaume Hoarau
34%
Marseille2010MilieuArgentineLucho Gonzalez
34%
Paris2023DéfenseurFranceNordi Mukiele
34%
Lille2011MilieuFranceRio Mavuba
34%
Paris2018DéfenseurEspagneYuri Berchiche
34%
Marseille2010MilieuFranceBenoît Cheyrou
33%
Marseille2010DéfenseurSénégalSouleymane Diawara
33%
Monaco2017MilieuFranceTiémoué Bakayoko
33%
Paris2019, 2020 et 2022DéfenseurFranceColin Dagba
31%
Paris2018 et 2019MilieuArgentineGiovanni Lo Celso
31%
Monaco2017MilieuPortugalJoao Moutinho
31%
Paris2014, 2015 et 2016DéfenseurFranceLucas Digne
31%
Lille2021DéfenseurPays-BasSven Botman
31%
Montpellier2012DéfenseurFranceBenjamin Stambouli
30%
Paris2016MilieuFranceBenjamin Stambouli
30%
Paris2013DéfenseurUruguayDiego Lugano
30%
Lille2011AttaquantCôte d'IvoireGervinho
30%
Lille2011DéfenseurFranceMathieu Debuchy
30%
Paris2013, 2014, 2015 et 2016GardienFranceNicolas Douchez
30%
Paris2013 et 2015MilieuFranceClément Chantôme
28%
Marseille2010MilieuFranceEdouard Cissé
28%
Paris2022 et 2023AttaquantFranceIsmaël Gharbi
28%
Paris2020DéfenseurPays-BasMitchel Bakker
28%
Marseille2010AttaquantBrésilBrandao
26%
Paris2022 et 2023DéfenseurFranceEl-Chadaille Bitshiabu
26%
Monaco2017DéfenseurBrésilJemerson
26%
Paris2020GardienPologneMarcin Bulka
26%
Paris2013 et 2014MilieuMaliMohamed Sissoko
26%
Lille2021MilieuTurquieYusuf Yazıcı
26%
Monaco2017MilieuMaliAdama Traoré
25%
Montpellier2012DéfenseurCentre AfriqueMapou Yanga-mbiwa
25%
Lille2021DéfenseurTurquieZeki Celik
25%
Paris2022MilieuFranceEdouard Michut
23%
Montpellier2012DéfenseurCamerounHenri Bedimo
23%
Paris2022MilieuBrésilRafinha
23%
Lille2021DéfenseurMozambiqueReinildo
23%
Paris2013DéfenseurCôte d'IvoireSiaka Tiéné
23%
Paris2013DéfenseurFranceSylvain Armand
23%
Lille2011DéfenseurCamerounAurélien Chedjou
21%
Paris2015 et 2016AttaquantFranceJean-Christophe Bahebeck
21%
Marseille2010DéfenseurFranceJulien Rodriguez
21%
Lille2021DéfenseurPortugalTiago Djalo
21%
Paris2023DéfenseurFranceTimothée Pembélé
21%
Lille2011MilieuFranceFlorent Balmont
20%
Paris2018MilieuEspagneGoncalo Guedes
20%
Paris2016MilieuFranceJean-Kévin Augustin
20%
Montpellier2012AttaquantNigériaJohn Utaka
20%
Paris2013MilieuFranceMathieu Bodmer
20%
Marseille2010DéfenseurCamerounStéphane Mbia
20%
Lille2021MilieuPortugalXeka
20%
Lille2011DéfenseurFranceFranck Béria
18%
Monaco2017DéfenseurMaliAlmamy Touré
16%
Paris2022AttaquantFranceArnaud Kalimuendo
16%
Marseille2010AttaquantCôte d'IvoireBakari Koné
16%
Paris2014 et 2016MilieuFranceHervin Ongenda
16%
Lille2011MilieuPologneLudovic Obraniak
16%
Paris2020DéfenseurFranceTanguy Kouassi
16%
Marseille2010MilieuBurkina FasoCharles Kaboré
15%
Marseille2010AttaquantEspagneFernando Morientes
15%
Paris2023AttaquantFranceIlyes Housni
15%
Monaco2017MilieuTunisieNabil Dirar
15%
Paris2018 et 2019DéfenseurFranceStanley Nsoki
13%
Montpellier2012DéfenseurFranceGary Bocaly
11%
Monaco2017AttaquantArgentineGuido Carrillo
11%
Marseille2010DéfenseurFranceLaurent Bonnart
11%
Lille2021DéfenseurCroatieDomagoj Bradaric
10%
Paris2022MilieuFranceEric Dina-Ebimbe
10%
Marseille2010MilieuFranceFabrice Abriel
10%
Montpellier2012MilieuChiliMarco Estrada
10%
Lille2011AttaquantBrésilTulio De Melo
10%
Paris2018MilieuFranceYacine Adli
10%
Paris2020MilieuFranceAdil Aouchiche
8%
Lille2011DéfenseurRépublique tchèqueDavid Rozenhal
8%
Montpellier2012MilieuFranceJamel Saihi
8%
Montpellier2012AttaquantFranceKarim Ait fana
8%
Lille2021MilieuFranceBoubakary Soumaré
7%
Lille2011DéfenseurBrésilEmerson
7%
Lille2021DéfenseurFranceJérémy Pied
7%
Paris2016, 2018 et 2019DéfenseurFranceKevin Rimane
7%
Montpellier2012GardienFranceLaurent Pionnier
7%
Monaco2017GardienFranceLoïc Badiashile
7%
Lille2021AttaquantBrésilLuiz Araujo
7%
Paris2019AttaquantTurquieMetehan Güçlü
7%
Lille2021GardienGrèceOrestis Karnezis
7%
Paris2013AttaquantFrancePeguy Luyindula
7%
Montpellier2012MilieuFranceRomain Pitau
7%
Monaco2017GardienSénégalSeydou Sy
7%
Marseille2010GardienBrésilAndrade Elinton
5%
Paris2019MilieuFranceAntoine Bernede
5%
Paris2020DéfenseurFranceArthur Zagré
5%
Montpellier2012DéfenseurFranceCyril Jeunechamp
5%
Paris2022MilieuFranceDjeidi Gassama
5%
Monaco2017AttaquantPortugalIvan Cavaleiro
5%
Montpellier2012MilieuFranceJoris Marveaux
5%
Paris2019 et 2020DéfenseurFranceLoïc Mbe Soh
5%
Lille2011AttaquantFrancePierre-Alain Frau
5%
Paris2013GardienFranceRonan Le Crom
5%
Montpellier2012DéfenseurFranceAbdelhamid El-kaoutari
3%
Lille2021DéfenseurFranceAdama Soumaoro
3%
Paris2013 et 2014DéfenseurGuinéeAntoine Conté
3%
Monaco2017AttaquantFranceCorentin Jean
3%
Monaco2017MilieuBrésilGabriel Boschillia
3%
Montpellier2012MilieuFranceGeoffrey Dernis
3%
Lille2021AttaquantFranceIsaac Lihadji
3%
Montpellier2012GardienFranceJonathan Ligali
3%
Monaco2017DéfenseurCongoMarcel Tisserand
3%
Montpellier2012DéfenseurFranceMathieu Deplagne
3%
Marseille2010GardienFranceRudy Riou
3%
Lille2011GardienFranceAlexandre Oukidja
2%
Lille2011GardienCongoBarel Mouko
2%
Montpellier2012MilieuFranceBryan Dabo
2%
Marseille2010DéfenseurFranceCyril Rool
2%
Lille2011AttaquantDanemarkEmil Lyng
2%
Montpellier2012MilieuFranceGregory Lacombe
2%
Marseille2010AttaquantFranceGuy Gnabouyou
2%
Montpellier2012AttaquantTurquieHasan Kabze
2%
Monaco2017AttaquantFranceIrvin Cardona
2%
Lille2011DéfenseurFranceJerry Vandam
2%
Montpellier2012AttaquantFranceJonathan Tinhan
2%
Paris2013 et 2015DéfenseurFranceJordan Ikoko
2%
Monaco2017DéfenseurBrésilJorge
2%
Monaco2017MilieuFranceKevin N'Doram
2%
Paris2022DéfenseurFranceNathan Bitumazala
2%
Montpellier2012DéfenseurSerbie-MonténégroNenad Dzodic
2%
Lille2011AttaquantFranceOmar Wade
2%
Marseille2010DéfenseurSénégalPape M'Bow
2%
Lille2011DéfenseurSénégalPape Souaré
2%
Lille2011MilieuFranceStéphane Dumont
2%
Paris2016MilieuFranceTimothée Taufflieb
2%
Paris2016MilieuCôte d'IvoireYakou Meïté
2%
Paris2013DéfenseurFranceAlvin Arrondel
0%
Monaco2017GardienItalieMorgan De Scantis
0%
Paris2022AttaquantGuinéeSekou Yansané
0%

Distribution des résultats

Percentile par nombre de réponses

% des personnes avec chaque résultat

Votre développement - résultats

Vous n’avez pas pris ce quiz depuis la dernière actualisation